Exam Execellence : (Record no. 214277)

MARC details
000 -LEADER
fixed length control field 00563nam a2200181 4500
005 - DATE AND TIME OF LATEST TRANSACTION
control field 20260119170018.0
010 ## - LCCN (DPL NO)
LC control number ENG-147523
020 ## - INTERNATIONAL STANDARD BOOK NUMBER
International Standard Book Number 9789392066726
Terms of availability 795.00
035 ## - SYSTEM CONTROL NUMBER
System control number EN-131055
037 ## - SOURCE OF ACQUISITION
Source of stock number/acquisition DBAD
082 ## - DEWEY DECIMAL CLASSIFICATION NUMBER
Classification number 371.30281
Item number 1
100 ## - MAIN ENTRY--PERSONAL NAME
Personal name Gupta, Princy
245 ## - TITLE STATEMENT
Title Exam Execellence :
Remainder of title Mastering 10+2 with Confidence /
Statement of responsibility, etc Princy Gupta
260 ## - PUBLICATION, DISTRIBUTION, ETC. (IMPRINT)
Place of publication, distribution, etc New Delhi
Name of publisher, distributor, etc Raj Publications
Date of publication, distribution, etc 2024
270 ## - ADDRESS
Address 108, 4855/24, Ansari Road, Daryaganj
City New Delhi
Postal code 110002
300 ## - PHYSICAL DESCRIPTION
Extent 240p.
Dimensions 22cm (hb)
942 ## - ADDED ENTRY ELEMENTS (KOHA)
Source of classification or shelving scheme Dewey Decimal Classification
Item type English Books
Classification part 371.30281
Call number suffix GUP
Holdings
Withdrawn status Lost status Not for loan Collection code Home library Current library Date acquired Source of acquisition Cost, normal purchase price Full call number Barcode Copy number Cost, replacement price Koha item type
      Non-fiction Janak Puri Janak Puri 19/01/2026 DBAD 795.00 371.30281 GUP EN-131055 1 795.00 English Books

© Delhi Public Library
Hit Counter
free hit counter